000 01234nam a2200409 c 4500
001 11069
003 ES-MaCES
005 20150925135748.0
008 000919s1995 sp l 000 | spa d
017 _aM 35920-1995
_bDL
020 _a8430927514
035 _aCES20000011989m
040 _aES-MaCES
_bspa
_cES-MaCES
100 1 _aOjeda Avilés, Antonio
_919879
245 1 0 _aDerecho sindical
_cAntonio Ojeda Avilés
250 _a7ª ed
260 _aMadrid
_bTecnos
_c1995
300 _a836 p.
_c24 cm
541 _cCompra
650 4 _aderechos sindicales
_929470
650 4 _alibertad sindical
_927177
650 4 _amovimiento obrero
_928368
650 4 _asindicalismo
_929453
650 4 _arepresentante de los trabajadores
_928374
650 4 _aconflicto de trabajo
_928367
650 4 _ahuelga
_928376
650 4 _anegociación colectiva
_928362
650 4 _aEspaña
_926964
650 4 _aderecho del trabajo
_927165
653 1 0 _aDerecho del trabajo y Seguridad Social
650 4 _928369
_arelaciones laborales
650 4 _928377
_asindicato
775 0 _tDerecho sindical
_w(ES-MaCES)3376
902 _aLIB Libro
942 _2CES
_cBK
_h6.0.1.
999 _c11069
_d11069